Cesta do nitra hmoty

Gespeichert in:
Bibliographische Detailangaben
Hauptverfasser: Kuba, Josef (Verfasst von), Čeleda, Jiří (Verfasst von)
Format: Buch
Sprache:Tschechisch
Veröffentlicht: Praha : SNTL, 1963
Ausgabe:1. vyd.
Tags: Tag hinzufügen
Keine Tags, Fügen Sie das erste Tag hinzu!

MARC

LEADER 00000nam a22000003a 4500
001 stu51649
005 20150617225705.9
008 000119s1963----cs------------------cze-d
040 |a STU  |b slo 
041 0 |a cze 
044 |a cs 
080 |a 539  |7 stu_us_auth*stu6136 
100 1 |a Kuba, Josef  |4 aut 
245 1 |a Cesta do nitra hmoty 
250 |a 1. vyd. 
260 |a Praha :  |b SNTL,  |c 1963 
300 |a 398 s 
700 1 |a Čeleda, Jiří  |4 aut 
996 |b 284EK02240  |c E*1838  |l EE01  |s A  |a 24  |w stu51649_0001